000 00374nam a2200181Ia 4500
100 _aMisra/S.P/ Pandey/S/N
650 _aEnvironment
250 _a4
942 _cBK
366 _f27
654 _aenvrionment
245 _aEssential environmental studies
260 _b#N/A
_c2016
082 _bMIS
300 _a790
546 _aENGLISH
_cComputers
999 _c24595
_d24595